[Event "EU-chT Seniors 15th"]
[Site "Dresden"]
[Date "2013.07.23"]
[Round "4"]
[White "Roofthoofd, Marcel"]
[Black "Petzold, Hans"]
[Result "1-0"]
[WhiteElo "2196"]
[BlackElo "2129"]
[PlyCount "74"]
[EventDate "2013.07.20"]
[EventType "team-swiss"]
[EventRounds "9"]
[EventCountry "GER"]
[SourceTitle "CBM 155 Extra"]
[Source "ChessBase"]
[SourceDate "2013.08.26"]
[SourceVersion "1"]
[SourceVersionDate "2013.08.26"]
[SourceQuality "1"]
[WhiteTeam "Belgium"]
[BlackTeam "Dresden USV TU"]
[WhiteTeamCountry "BEL"]
[BlackTeamCountry "GER"]

1. e4 e6 2. d4 d5 3. e5 c5 4. c3 Qd7 5. a4 b6 6. Bb5 Nc6 7. Nf3 a6 8. Bd3 cxd4 9. cxd4 Nb4 10. Be2 Ne7 11. 0-0 Bb7 12. Bd2 Nec6 13. Na3 Rc8 14. Bc3 Be7 15. Nc2 Nxc2 16. Qxc2 f5 17. exf6 Bxf6 18. Qd2 0-0 19. Bd3 Rce8 20. Rfe1 g6 21. Qe2 Qg7 22. Rad1 a5 23. Bb5 Re7 24. Rd3 Rc8 25. Re3 Nd8 26. Qd3 Bc6 27. b4 Rec7 28. Bd2 Bxb5 29. Qxb5 Bxd4 30. Qe8+ Qf8 31. Qxf8+ Kxf8 32. Nxd4 axb4 33. Bxb4+ Kf7 34. Nxe6 Nxe6 35. Rxe6 Rc4 36. Rxb6 d4 37. Re7+ Kg8 1-0

[Event "EU-chT Seniors 15th"]
[Site "Dresden"]
[Date "2013.07.22"]
[Round "3"]
[White "Schulze, Ulrich"]
[Black "Roofthoofd, Marcel"]
[Result "1-0"]
[WhiteElo "2316"]
[BlackElo "2196"]
[PlyCount "45"]
[EventDate "2013.07.20"]
[EventType "team-swiss"]
[EventRounds "9"]
[EventCountry "GER"]
[SourceTitle "CBM 155 Extra"]
[Source "ChessBase"]
[SourceDate "2013.08.26"]
[SourceVersion "1"]
[SourceVersionDate "2013.08.26"]
[SourceQuality "1"]
[WhiteTeam "Germany"]
[BlackTeam "Belgium"]
[WhiteTeamCountry "GER"]
[BlackTeamCountry "BEL"]

1. Nf3 g6 2. d4 Bg7 3. e4 c6 4. Nc3 d5 5. h3 dxe4 6. Nxe4 Nd7 7. Bd3 Ngf6 8. Nxf6+ Nxf6 9. 0-0 0-0 10. Re1 Qc7 11. Bg5 c5 12. dxc5 Qxc5 13. Re5 Qd6 14. Bc4 Qxd1+ 15. Rxd1 e6 16. Ree1 h6 17. Bh4 a6 18. Ne5 g5 19. Bg3 b5 20. Be2 Bb7 21. c4 bxc4 22. Nxc4 Nd5 23. Bf3 1-0

[Event "EU-chT Seniors 15th"]
[Site "Dresden"]
[Date "2013.07.21"]
[Round "2"]
[White "Roofthoofd, Marcel"]
[Black "Nordstrom, Felix"]
[Result "1/2-1/2"]
[WhiteElo "2196"]
[BlackElo "2116"]
[PlyCount "25"]
[EventDate "2013.07.20"]
[EventType "team-swiss"]
[EventRounds "9"]
[EventCountry "GER"]
[SourceTitle "CBM 155 Extra"]
[Source "ChessBase"]
[SourceDate "2013.08.26"]
[SourceVersion "1"]
[SourceVersionDate "2013.08.26"]
[SourceQuality "1"]
[WhiteTeam "Belgium"]
[BlackTeam "Sweden II"]
[WhiteTeamCountry "BEL"]
[BlackTeamCountry "SWE"]

1. e4 e5 2. Nf3 Nc6 3. d4 exd4 4. Bc4 Bc5 5. c3 Nf6 6. e5 d5 7. exf6 dxc4 8. fxg7 Rg8 9. cxd4 Nxd4 10. 0-0 Be6 11. Ng5 Qf6 12. Nxe6 Nxe6 13. Nc3 1/2-1/2

[Event "EU-chT Seniors 15th"]
[Site "Dresden"]
[Date "2013.07.20"]
[Round "1"]
[White "Just, Joachim"]
[Black "Roofthoofd, Marcel"]
[Result "0-1"]
[WhiteElo "2055"]
[BlackElo "2196"]
[PlyCount "105"]
[EventDate "2013.07.20"]
[EventType "team-swiss"]
[EventRounds "9"]
[EventCountry "GER"]
[SourceTitle "CBM 155 Extra"]
[Source "ChessBase"]
[SourceDate "2013.08.26"]
[SourceVersion "1"]
[SourceVersionDate "2013.08.26"]
[SourceQuality "1"]
[WhiteTeam "Halle Saale Schachbund"]
[BlackTeam "Belgium"]
[WhiteTeamCountry "GER"]
[BlackTeamCountry "BEL"]

1. d4 d5 2. Nf3 Nf6 3. Bg5 e6 4. e3 Be7 5. Nbd2 0-0 6. Bd3 b6 7. Ne5 Bb7 8. Qe2 Ne4 9. Bxe7 Qxe7 10. 0-0 f6 11. Nef3 Nd7 12. c4 Nxd2 13. Nxd2 e5 14. cxd5 exd4 15. d6 Qxd6 16. Qh5 f5 17. exd4 Qxd4 18. Bc4+ Kh8 19. Rfd1 Ne5 20. Bf1 Ng4 21. Qh4 Qxb2 22. Nc4 Qf6 23. Qg3 Rac8 24. h3 Nh6 25. Rac1 f4 26. Qa3 a5 27. Qb3 Qf5 28. Kh2 Bd5 29. Qb5 Rcd8 30. Rc3 Qf6 31. Rcd3 Bxc4 32. Qxc4 Rxd3 33. Rxd3 c5 34. Be2 Nf7 35. Qe4 Ne5 36. Rd5 f3 37. Rxe5 fxe2 38. Qxe2 h6 39. Kg1 c4 40. Qe3 Qf4 41. Re8 Qf7 42. Re7 Qd5 43. Re6 Rc8 44. Rxb6 c3 45. Rb1 Qxa2 46. Rc1 Qb2 47. Kh2 a4 48. g4 a3 49. g5 hxg5 50. Kg3 c2 51. Qxg5 Qxc1 52. Qxc1 a2 53. Qh6+ 0-1

[Event "Geraardsbergen op 28th"]
[Site "Geraardsbergen"]
[Date "2012.08.14"]
[Round "8"]
[White "Hugaert, Arthur"]
[Black "Roofthoofd, Marcel"]
[Result "1/2-1/2"]
[WhiteElo "2116"]
[BlackElo "2233"]
[PlyCount "31"]
[EventDate "2012.08.11"]
[EventType "swiss"]
[EventRounds "9"]
[EventCountry "BEL"]
[SourceTitle "EXT 2013"]
[Source "ChessBase"]
[SourceDate "2012.11.22"]
[SourceVersion "1"]
[SourceVersionDate "2012.11.22"]
[SourceQuality "1"]

1. e4 e6 2. c4 d5 3. exd5 exd5 4. d4 dxc4 5. Bxc4 Nf6 6. Nf3 Be7 7. Qb3 0-0 8. Ne5 Qe8 9. 0-0 Nc6 10. Nxc6 Qxc6 11. Re1 Bd6 12. Bg5 Qb6 13. Bxf6 Qxb3 14. Bxb3 gxf6 15. Nc3 Bf5 16. Ne4 1/2-1/2

[Event "Ghent Taminco op 35th"]
[Site "Ghent"]
[Date "2012.07.16"]
[Round "5"]
[White "Roofthoofd, Marcel"]
[Black "Van der Zwet, Bart"]
[Result "1-0"]
[WhiteElo "2233"]
[BlackElo "2062"]
[PlyCount "31"]
[EventDate "2012.07.14"]
[EventType "swiss"]
[EventRounds "9"]
[EventCountry "BEL"]
[SourceTitle "CBM 149 Extra"]
[Source "ChessBase"]
[SourceDate "2012.08.24"]
[SourceVersion "1"]
[SourceVersionDate "2012.08.24"]
[SourceQuality "1"]

1. e4 e5 2. Nf3 Nc6 3. d4 exd4 4. Bc4 Be7 5. 0-0 d6 6. Nxd4 Nxd4 7. Qxd4 Bf6 8. Qd3 Ne7 9. Nc3 Nc6 10. f4 a6 11. a3 g6 12. Nd5 Bd4+ 13. Kh1 f5 14. Re1 Kf8 15. Nb4 Nxb4 16. Qxd4 1-0

[Event "BEL-chT 1112"]
[Site "Belgium"]
[Date "2012.04.01"]
[Round "11.3"]
[White "Roofthoofd, Marcel"]
[Black "Marechal, Andy"]
[Result "1/2-1/2"]
[WhiteElo "2186"]
[BlackElo "2336"]
[PlyCount "104"]
[EventDate "2011.10.09"]
[EventType "team-tourn"]
[EventRounds "11"]
[EventCountry "BEL"]
[SourceTitle "EXT 2013"]
[Source "ChessBase"]
[SourceDate "2012.11.22"]
[SourceVersion "1"]
[SourceVersionDate "2012.11.22"]
[SourceQuality "1"]
[WhiteTeam "Anderlecht"]
[BlackTeam "Fontaine"]
[WhiteTeamCountry "BEL"]
[BlackTeamCountry "BEL"]

1. e4 e6 2. d4 d5 3. e5 c5 4. c3 Bd7 5. Nf3 Nc6 6. dxc5 Bxc5 7. Bd3 a5 8. 0-0 Nge7 9. Bf4 Ng6 10. Bg3 f6 11. Nbd2 0-0 12. exf6 Qxf6 13. Nb3 Ba7 14. Nbd4 Nf4 15. Bc2 Bxd4 16. Bxf4 Bxf2+ 17. Rxf2 Qxf4 18. Qd3 g6 19. Re2 Rf6 20. Rae1 Raf8 21. h3 b5 22. Bb3 Qd6 23. Ng5 Qc5+ 24. Kh2 a4 25. Bc2 Qd6+ 26. Kg1 Qc5+ 27. Kh2 Qd6+ 28. Kg1 e5 29. Rd2 Qc5+ 30. Kh2 Bf5 31. Qg3 Bxc2 32. Rxc2 e4 33. h4 h6 34. Nh3 Kh7 35. Rd2 Ne7 36. Qe5 Rf5 37. Qg3 R5f6 38. Qe5 Rf5 39. Qg3 Qb6 40. b3 axb3 41. axb3 Qc6 42. Ra1 R8f7 43. Ra7 Qe6 44. Rb7 Qf6 45. Ra2 Re5 46. Rf2 Rf5 47. Ra2 Kg7 48. Raa7 Re5 49. Nf2 Rh5 50. Nh3 Re5 51. Nf2 Rh5 52. Nh3 Re5 1/2-1/2

[Event "Geraardsbergen op 27th"]
[Site "Geraardsbergen"]
[Date "2011.08.13"]
[Round "6"]
[White "Roofthoofd, Marcel"]
[Black "Karstens, Lex"]
[Result "1-0"]
[WhiteElo "2186"]
[BlackElo "1839"]
[PlyCount "49"]
[EventDate "2011.08.11"]
[EventType "swiss"]
[EventRounds "9"]
[EventCountry "BEL"]
[SourceTitle "CBM 144 Extra"]
[Source "ChessBase"]
[SourceDate "2011.10.28"]
[SourceVersion "1"]
[SourceVersionDate "2011.10.28"]
[SourceQuality "1"]

1. e4 c6 2. d4 d5 3. exd5 cxd5 4. c4 Nf6 5. Nc3 Nc6 6. Nf3 Be6 7. c5 g6 8. Bf4 Bg7 9. h3 0-0 10. Bb5 Ne4 11. 0-0 Nxc3 12. bxc3 Bd7 13. Bd3 Na5 14. Re1 e6 15. Bd6 Re8 16. Ne5 Bxe5 17. Bxe5 Nc6 18. Bd6 Ne7 19. Qf3 Bc6 20. Be5 Nf5 21. g4 Nh4 22. Qg3 g5 23. f4 h6 24. fxg5 hxg5 25. Rf1 1-0

[Event "BEL-chT 0809"]
[Site "Belgium"]
[Date "2009.03.08"]
[Round "10"]
[White "Roofthoofd, Marcel"]
[Black "Coenen, Michael"]
[Result "1/2-1/2"]
[WhiteElo "2196"]
[BlackElo "2252"]
[PlyCount "56"]
[EventDate "2008.10.05"]
[EventType "team-tourn"]
[EventRounds "11"]
[EventCountry "BEL"]
[SourceTitle "EXT 2010"]
[Source "ChessBase"]
[SourceDate "2010.11.25"]
[SourceVersion "1"]
[SourceVersionDate "2010.11.25"]
[SourceQuality "1"]
[WhiteTeam "Bredene"]
[BlackTeam "SK Rochade"]
[WhiteTeamCountry "BEL"]
[BlackTeamCountry "BEL"]

1. e4 c5 2. Nf3 d6 3. d4 cxd4 4. Nxd4 Nf6 5. Nc3 a6 6. f4 e5 7. Nf3 Qc7 8. a4 Be7 9. Bd3 Nbd7 10. 0-0 0-0 11. Kh1 exf4 12. Bxf4 Ne5 13. Nxe5 dxe5 14. Bg5 Be6 15. Bxf6 Bxf6 16. Rxf6 gxf6 17. Qf3 Kg7 18. Rf1 Qd8 19. Nd5 Bxd5 20. exd5 Rg8 21. Qe4 Qd6 22. c4 Rac8 23. Qg4+ Kh8 24. Qf5 Kg7 25. b4 b6 26. Qg4+ Kh8 27. Qf5 Kg7 28. Qg4+ Kh8 1/2-1/2

[Event "BEL-chT2 0708"]
[Site "Belgium"]
[Date "2007.10.21"]
[Round "2"]
[White "Zouaghi, Nouri"]
[Black "Roofthoofd, Marcel"]
[Result "1-0"]
[WhiteElo "2158"]
[BlackElo "2218"]
[PlyCount "81"]
[EventDate "2007.10.07"]
[EventType "team-tourn"]
[EventRounds "11"]
[EventCountry "BEL"]
[SourceTitle "EXT 2009"]
[Source "ChessBase"]
[SourceDate "2008.11.26"]
[SourceVersion "1"]
[SourceVersionDate "2008.11.26"]
[SourceQuality "1"]
[WhiteTeam "KGSRL II"]
[BlackTeam "Bredene II"]
[WhiteTeamCountry "BEL"]
[BlackTeamCountry "BEL"]

1. e4 e6 2. d4 d5 3. exd5 exd5 4. Bd3 Nf6 5. Bg5 Be7 6. Nd2 Bg4 7. f3 Bh5 8. Qe2 0-0 9. 0-0-0 Nbd7 10. g4 Bg6 11. Bxg6 hxg6 12. h4 Re8 13. Qg2 c5 14. dxc5 Nxc5 15. h5 Rc8 16. Kb1 Ne6 17. Nh3 Qc7 18. Nb3 a5 19. hxg6 fxg6 20. Qe2 Bc5 21. Qd3 Be7 22. Rhe1 Bb4 23. c3 a4 24. cxb4 axb3 25. Qxb3 Nxg5 26. Nxg5 Qf4 27. Ne4 Kf8 28. Nxf6 gxf6 29. Rxe8+ Rxe8 30. Qxd5 Re7 31. b5 Kg7 32. Qd8 Qe3 33. Rh1 Re8 34. Qd5 Re7 35. a4 Qf4 36. Qd8 Qb4 37. Qh8+ Kf7 38. Rh7+ Ke6 39. Qg8+ Ke5 40. Rxe7+ Qxe7 41. Qxg6 1-0

[Event "Benidorm op U2300 03rd"]
[Site "Benidorm"]
[Date "2004.11.22"]
[Round "4"]
[White "Moran Rodriguez, Luciano Rafael"]
[Black "Roofthoofd, Marcel"]
[Result "1/2-1/2"]
[WhiteElo "2159"]
[BlackElo "2262"]
[PlyCount "37"]
[EventDate "2004.11.19"]
[EventType "swiss"]
[EventRounds "9"]
[EventCountry "ESP"]
[SourceTitle "CBM 103 Extra"]
[Source "ChessBase"]
[SourceDate "2005.01.01"]
[SourceVersion "1"]
[SourceVersionDate "2005.01.01"]
[SourceQuality "1"]

1. e4 c5 2. Nf3 e6 3. d4 cxd4 4. Nxd4 Nf6 5. Bd3 e5 6. Nb3 Nc6 7. 0-0 d5 8. Nc3 h6 9. exd5 Nxd5 10. Nxd5 Qxd5 11. Qe2 Be6 12. f4 f6 13. fxe5 Qxe5 14. Bg6+ Bf7 15. Bxf7+ Kxf7 16. Qc4+ Qe6 17. Qb5 Qd7 18. Qh5+ g6 19. Qf3 1/2-1/2

[Event "Benidorm op U2300 03rd"]
[Site "Benidorm"]
[Date "2004.11.21"]
[Round "3"]
[White "Roofthoofd, Marcel"]
[Black "Roche Simon, Manuel Angel"]
[Result "1/2-1/2"]
[WhiteElo "2262"]
[BlackElo "2178"]
[PlyCount "93"]
[EventDate "2004.11.19"]
[EventType "swiss"]
[EventRounds "9"]
[EventCountry "ESP"]
[SourceTitle "CBM 103 Extra"]
[Source "ChessBase"]
[SourceDate "2005.01.01"]
[SourceVersion "1"]
[SourceVersionDate "2005.01.01"]
[SourceQuality "1"]

1. e4 c5 2. Nf3 e6 3. d4 cxd4 4. Nxd4 a6 5. Nc3 Qc7 6. Bd3 Nc6 7. Nxc6 dxc6 8. a4 e5 9. 0-0 Nf6 10. f4 Bc5+ 11. Kh1 Ng4 12. Qf3 Qe7 13. Qg3 exf4 14. Bxf4 h5 15. h3 g5 16. Bc7 Be6 17. Nd5 cxd5 18. exd5 h4 19. Qf3 Qxc7 20. hxg4 0-0-0 21. dxe6 fxe6 22. Qh3 Rhf8 23. Rf3 Qe5 24. Raf1 Qxb2 25. Rxf8 Rxf8 26. Rxf8+ Bxf8 27. Qf3 Bd6 28. g3 Qc1+ 29. Kg2 hxg3 30. Qe2 e5 31. Be4 Bc5 32. Kxg3 Be3 33. Qg2 Bf4+ 34. Kh3 Qe3+ 35. Qf3 Qb6 36. Kg2 Kb8 37. Qb3 Qc7 38. Qg8+ Ka7 39. Qd5 Be3 40. Kf3 Bd4 41. Ke2 Qb6 42. Qb3 Qxb3 43. cxb3 b5 44. axb5 axb5 45. Kd3 Kb6 46. Bd5 Kc5 47. Ke4 1/2-1/2

[Event "Benidorm Bali op-A"]
[Site "Benidorm"]
[Date "2003.11.26"]
[Round "7"]
[White "Angel Acosta, Juan Carlos"]
[Black "Roofthoofd, Marcel"]
[Result "1-0"]
[WhiteElo "2151"]
[BlackElo "2257"]
[PlyCount "121"]
[EventDate "2003.11.21"]
[EventType "swiss"]
[EventRounds "9"]
[EventCountry "ESP"]
[SourceTitle "CBM 097 Extra"]
[Source "ChessBase"]
[SourceDate "2004.01.13"]
[SourceVersion "1"]
[SourceVersionDate "2004.01.13"]
[SourceQuality "1"]

1. d4 d5 2. Nf3 Nf6 3. c4 c6 4. Qc2 e6 5. Nc3 Nbd7 6. e3 Bb4 7. Bd3 dxc4 8. Bxc4 0-0 9. 0-0 c5 10. dxc5 Bxc5 11. e4 Qc7 12. Nb5 Qb8 13. Bd3 a6 14. Nc3 h5 15. Ne2 Bd6 16. h3 Nc5 17. e5 Nxd3 18. exf6 Nxc1 19. Qxc1 Be5 20. Nxe5 Qxe5 21. fxg7 Qxg7 22. Rd1 e5 23. Rd3 Kh8 24. Rg3 Qf6 25. Nc3 Bf5 26. Qe3 Rg8 27. Re1 Rxg3 28. fxg3 Re8 29. Rf1 Qe6 30. g4 Bh7 31. Ne2 Kg7 32. Ng3 Bg6 33. b3 Rd8 34. Nf5+ Bxf5 35. gxf5 Qf6 36. Qe4 b5 37. Re1 Rd2 38. Re3 Kh7 39. Rg3 Rd4 40. Qf3 Rd8 41. a4 bxa4 42. bxa4 Rg8 43. Rxg8 Kxg8 44. a5 Kg7 45. Qe4 Qd6 46. Kh2 Qd4 47. f6+ Kxf6 48. Qc6+ Kg7 49. Qxa6 e4 50. Qb6 Qe5+ 51. Kg1 e3 52. Qb4 Qd5 53. Qe1 Qd4 54. Kf1 f5 55. g3 h4 56. a6 hxg3 57. Qxg3+ Kh6 58. h4 Qa1+ 59. Kg2 Qa2+ 60. Kg1 e2 61. Qg5+ 1-0

[Event "Benidorm Bali op-A"]
[Site "Benidorm"]
[Date "2003.11.24"]
[Round "5"]
[White "Godlauskas, Kazys"]
[Black "Roofthoofd, Marcel"]
[Result "1/2-1/2"]
[WhiteElo "2209"]
[BlackElo "2257"]
[PlyCount "35"]
[EventDate "2003.11.21"]
[EventType "swiss"]
[EventRounds "9"]
[EventCountry "ESP"]
[SourceTitle "CBM 097 Extra"]
[Source "ChessBase"]
[SourceDate "2004.01.13"]
[SourceVersion "1"]
[SourceVersionDate "2004.01.13"]
[SourceQuality "1"]

1. e4 e6 2. d4 d5 3. e5 c5 4. c3 Bd7 5. Nf3 Qb6 6. Na3 cxd4 7. cxd4 Bxa3 8. bxa3 Ne7 9. Bd3 Nbc6 10. Kf1 h6 11. Rb1 Qc7 12. h4 0-0-0 13. a4 f6 14. Ba3 fxe5 15. dxe5 Be8 16. h5 Rf8 17. Rc1 Bf7 18. Rh4 1/2-1/2

[Event "Benidorm Bali op-A"]
[Site "Benidorm"]
[Date "2003.11.23"]
[Round "3"]
[White "Garcia Gonzalez, Fernando"]
[Black "Roofthoofd, Marcel"]
[Result "1/2-1/2"]
[WhiteElo "2129"]
[BlackElo "2257"]
[PlyCount "46"]
[EventDate "2003.11.21"]
[EventType "swiss"]
[EventRounds "9"]
[EventCountry "ESP"]
[SourceTitle "CBM 097 Extra"]
[Source "ChessBase"]
[SourceDate "2004.01.13"]
[SourceVersion "1"]
[SourceVersionDate "2004.01.13"]
[SourceQuality "1"]

1. d4 d5 2. Nf3 Nf6 3. Bg5 e6 4. e3 Be7 5. Bd3 0-0 6. Nbd2 b6 7. Qe2 Bb7 8. Ne5 Ne4 9. Bxe7 Qxe7 10. h4 f6 11. Nef3 Nd7 12. h5 c5 13. c3 Rfe8 14. Nh4 Nf8 15. Qg4 Rac8 16. f3 f5 17. Qf4 Nxd2 18. Kxd2 Qc7 19. Qxc7 Rxc7 20. f4 Nd7 21. Nf3 Rf8 22. Rag1 Nf6 23. Ne5 Nd7 1/2-1/2

[Event "Benidorm Bali op-A"]
[Site "Benidorm"]
[Date "2003.11.22"]
[Round "2"]
[White "Roofthoofd, Marcel"]
[Black "Martin Rodriguez, Emilio"]
[Result "1-0"]
[WhiteElo "2257"]
[BlackElo "2125"]
[PlyCount "101"]
[EventDate "2003.11.21"]
[EventType "swiss"]
[EventRounds "9"]
[EventCountry "ESP"]
[SourceTitle "CBM 097 Extra"]
[Source "ChessBase"]
[SourceDate "2004.01.13"]
[SourceVersion "1"]
[SourceVersionDate "2004.01.13"]
[SourceQuality "1"]

1. e4 c5 2. Nf3 Nf6 3. Nc3 d5 4. exd5 Nxd5 5. Bb5+ Nc6 6. d4 Nxc3 7. bxc3 Qd5 8. 0-0 Bg4 9. c4 Qh5 10. d5 0-0-0 11. h3 Bxf3 12. Qxf3 Qxf3 13. gxf3 Nd4 14. Rd1 a6 15. Rxd4 cxd4 16. Ba4 e6 17. Bb3 Bc5 18. Bb2 Rhe8 19. Rd1 e5 20. Kf1 Rd6 21. c3 dxc3 22. Bxc3 Rh6 23. Ba4 Re7 24. Kg2 Kc7 25. Bc2 Rd6 26. Re1 f6 27. Bxh7 Rd8 28. Bg6 Kd6 29. Rb1 Rh8 30. Bd2 b6 31. a4 a5 32. Kg3 Rc8 33. Bf5 Rf8 34. h4 g6 35. Bxg6 Rg7 36. h5 Rh8 37. Kg4 Bxf2 38. Kf5 Rc7 39. Rc1 Rhc8 40. h6 Rxc4 41. Rxc4 Rxc4 42. Kxf6 Rxa4 43. Be4 Bh4+ 44. Kg7 Rc4 45. h7 Rc7+ 46. Kg6 Rc8 47. f4 Bg3 48. f5 Bf4 49. Be1 a4 50. Bb4+ Kd7 51. Kg7 1-0

[Event "EU-Cup 18th"]
[Site "Kallithea"]
[Date "2002.09.24"]
[Round "3.4"]
[White "Roofthoofd, Marcel"]
[Black "Naumann, Alexander"]
[Result "0-1"]
[WhiteElo "2260"]
[BlackElo "2507"]
[PlyCount "112"]
[EventDate "2002.09.22"]
[EventType "team-swiss"]
[EventRounds "7"]
[EventCountry "GRE"]
[SourceTitle "CBM 092"]
[Source "ChessBase"]
[SourceDate "2003.02.06"]
[SourceVersion "1"]
[SourceVersionDate "2003.02.06"]
[SourceQuality "1"]
[WhiteTeam "Temse"]
[BlackTeam "Hohenems"]
[WhiteTeamCountry "BEL"]
[BlackTeamCountry "AUT"]

1. e4 c5 2. Nf3 d6 3. d4 cxd4 4. Nxd4 Nf6 5. Nc3 a6 6. f4 Qc7 7. Nf3 Nbd7 8. Bd3 g6 9. 0-0 Bg7 10. a4 0-0 11. Qe1 e5 12. fxe5 dxe5 13. Qh4 b6 14. Bg5 Bb7 15. Kh1 Nh5 16. Rae1 Nf4 17. Bh6 Bxh6 18. Qxh6 f6 19. Rd1 Rad8 20. Nh4 Rf7 21. Rf3 Nf8 22. g3 Nxd3 23. cxd3 b5 24. axb5 axb5 25. Rdf1 b4 26. Nd1 f5 27. Kg1 Rdd7 28. Qe3 Qd8 29. Qc5 Ne6 30. Qxe5 Ng5 31. Rxf5 gxf5 32. Nxf5 Rxf5 33. Rxf5 Nf7 34. Qe6 Bc8 35. Rf4 Rc7 36. Qb3 Qd6 37. Nf2 Be6 38. Qa4 Kg7 39. h4 Ne5 40. Qe8 Rc8 41. Qb5 Rc1+ 42. Kg2 Rc2 43. Qb7+ Bd7 44. Rf5 Nxd3 45. Rd5 Rxf2+ 46. Kh1 Rf1+ 47. Kh2 Rf2+ 48. Kh1 Nc5 49. Rxd6 Nxb7 50. Rxd7+ Rf7 51. Rd5 b3 52. Kg2 Rc7 53. Rb5 Rc2+ 54. Kf3 Nc5 55. Kf4 Nd3+ 56. Kg4 Nxb2 0-1

[Event "EU-Cup 18th"]
[Site "Kallithea"]
[Date "2002.09.23"]
[Round "2.4"]
[White "Roofthoofd, Marcel"]
[Black "Harestad, Hans Krogh"]
[Result "1-0"]
[WhiteElo "2260"]
[BlackElo "2186"]
[PlyCount "43"]
[EventDate "2002.09.22"]
[EventType "team-swiss"]
[EventRounds "7"]
[EventCountry "GRE"]
[SourceTitle "CBM 092"]
[Source "ChessBase"]
[SourceDate "2003.02.06"]
[SourceVersion "1"]
[SourceVersionDate "2003.02.06"]
[SourceQuality "1"]
[WhiteTeam "Temse"]
[BlackTeam "Randaberg"]
[WhiteTeamCountry "BEL"]
[BlackTeamCountry "NOR"]

1. e4 e5 2. Nf3 Nc6 3. c3 Nf6 4. d4 exd4 5. e5 Qe7 6. cxd4 Ne4 7. Nbd2 Nxd2 8. Bxd2 d6 9. Bb5 Bd7 10. 0-0 dxe5 11. dxe5 0-0-0 12. Re1 h6 13. Qa4 Kb8 14. Rac1 g5 15. h3 Rg8 16. e6 fxe6 17. Bxc6 Bxc6 18. Rxc6 bxc6 19. Ne5 Qd6 20. Nxc6+ Kb7 21. Qb5+ Kc8 22. Nxa7# 1-0

[Event "BEL-chT 0102"]
[Site "Belgium"]
[Date "2001.12.09"]
[Round "4"]
[White "Van de Velde, Koen"]
[Black "Roofthoofd, Marcel"]
[Result "0-1"]
[WhiteElo "2173"]
[BlackElo "2260"]
[PlyCount "70"]
[EventDate "2001.10.14"]
[EventType "team"]
[EventRounds "11"]
[EventCountry "BEL"]
[SourceTitle "EXT 2003"]
[Source "ChessBase"]
[SourceDate "2002.11.25"]
[SourceVersion "1"]
[SourceVersionDate "2002.11.25"]
[SourceQuality "1"]

1. c4 c5 2. Nf3 Nf6 3. g3 g6 4. Bg2 Bg7 5. Nc3 d5 6. cxd5 Nxd5 7. Ng5 Nxc3 8. bxc3 0-0 9. 0-0 Nc6 10. Qa4 Bd7 11. Qh4 h6 12. Ne4 b6 13. d4 f5 14. Bxh6 fxe4 15. Bxe4 cxd4 16. Rad1 Qe8 17. cxd4 Bf5 18. Bxg7 Kxg7 19. d5 Ne5 20. Bxf5 Rxf5 21. Qd4 Kg8 22. f4 Nd7 23. e4 Rf8 24. e5 Nc5 25. d6 e6 26. Rc1 Rd8 27. Rf3 Rd7 28. Rcf1 Rdf7 29. g4 Rg7 30. Qc4 Qd8 31. f5 gxf5 32. Rxf5 Rxf5 33. Rxf5 b5 34. Qxc5 Rxg4+ 35. Kf1 exf5 0-1

[Event "Lost Boys op"]
[Site "Antwerp"]
[Date "1999.07.31"]
[Round "2"]
[White "Roofthoofd, Marcel"]
[Black "Winants, Luc"]
[Result "0-1"]
[WhiteElo "2295"]
[BlackElo "2514"]
[PlyCount "122"]
[EventDate "1999.07.30"]
[EventType "swiss"]
[EventRounds "9"]
[EventCountry "BEL"]
[SourceTitle "EXT 2000"]
[Source "ChessBase"]
[SourceDate "1999.11.16"]
[SourceVersion "1"]
[SourceVersionDate "1999.11.16"]
[SourceQuality "1"]

1. e4 e5 2. Nf3 Nc6 3. Nc3 Nf6 4. Bb5 Bb4 5. Nd5 Nxd5 6. exd5 e4 7. dxc6 dxc6 8. Be2 exf3 9. Bxf3 0-0 10. 0-0 Qf6 11. Bg4 Re8 12. Bxc8 Raxc8 13. c3 Bd6 14. Qg4 Qe5 15. g3 h5 16. d4 hxg4 17. dxe5 Rxe5 18. Be3 a6 19. Rad1 Ra5 20. a3 Ra4 21. Rd4 Rxd4 22. Bxd4 c5 23. Be3 c4 24. Rd1 b5 25. h3 gxh3 26. Kh2 f5 27. Kxh3 Kf7 28. Kg2 Be7 29. g4 fxg4 30. Kg3 Bf6 31. Kxg4 Ke6 32. Bf4 a5 33. Re1+ Kd5 34. Rd1+ Kc6 35. Bg5 Bxg5 36. Kxg5 Re8 37. Rd2 Re1 38. f4 Rg1+ 39. Kf5 Kc5 40. Re2 c6 41. Re5+ Kb6 42. Re2 Rg3 43. Ke5 Kc5 44. f5 Rg4 45. Ke6 Rg5 46. Re5+ Kb6 47. Re2 b4 48. Re4 bxa3 49. bxa3 Kb5 50. Re5+ Ka4 51. Rc5 Kb3 52. Rxc6 a4 53. Rb6+ Kxc3 54. Rb4 Kd3 55. Rxa4 c3 56. Ra7 Rg4 57. Rd7+ Kc4 58. Rc7+ Kb3 59. a4 c2 60. Rxc2 Kxc2 61. Kf7 Kd3 0-1

[Event "Capablanca Memorial op 12th"]
[Site "Fortaleza"]
[Date "1997.??.??"]
[Round "7"]
[White "Martins, George Evandro Barr"]
[Black "Roofthoofd, Marcel"]
[Result "0-1"]
[WhiteElo "2205"]
[BlackElo "2300"]
[PlyCount "94"]
[EventDate "1997.11.??"]
[EventType "swiss"]
[EventRounds "7"]
[EventCountry "BRA"]
[SourceTitle "EXT 1999"]
[Source "ChessBase"]
[SourceDate "1998.11.16"]
[SourceVersion "1"]
[SourceVersionDate "1998.11.16"]
[SourceQuality "1"]

1. e4 e6 2. d4 d5 3. exd5 exd5 4. c4 Nf6 5. Nf3 Bb4+ 6. Nc3 0-0 7. cxd5 Nxd5 8. Bd2 Bg4 9. Be2 c5 10. Qb3 Nb6 11. dxc5 Bxc5 12. Rd1 Nc6 13. 0-0 Bxf3 14. Bxf3 Nd4 15. Be3 Nxb3 16. Rxd8 Raxd8 17. axb3 Bxe3 18. fxe3 Rd2 19. Rf2 Rfd8 20. Nb5 Rxf2 21. Kxf2 Rd2+ 22. Ke1 Rxb2 23. Nd4 Nd7 24. Bxb7 g6 25. h3 a5 26. Bd5 Nb6 27. Bc6 Kf8 28. Be4 f5 29. Bc2 Nd5 30. Kd2 Ra2 31. Kc1 Nxe3 32. Kb1 Rxc2 33. Nxc2 Nxc2 34. Kxc2 Ke7 35. Kd3 Kd6 36. Kc4 Kc6 37. g3 g5 38. Kd4 Kb5 39. Ke5 f4 40. gxf4 gxf4 41. Kxf4 Kb4 42. Kg5 Kxb3 43. Kh6 a4 44. Kxh7 a3 45. h4 a2 46. h5 a1Q 47. h6 Qf6 0-1